Teoretické a praktické aspekty politiky trhu práce
Príspevok identifikuje možnosti, ako môžu jednotlivé vlády reagovať na zhoršujúcu sa situáciu v ekonomike, s cieľom zmierniť nepriaznivé efekty pôsobiace na pracovný trh, predovšetkým prostredníctvom aktívnej politiky trhu práce. Sleduje výhody a nevýhody jednotlivých opatrení a v závere poskytuje o...
Saved in:
| Main Author: | |
|---|---|
| Format: | Book Chapter |
| Language: | Slovak |
| Subjects: | |
| Tags: |
No Tags, Be the first to tag this record!
|
MARC
| LEADER | 00000nla a2200000 4500 | ||
|---|---|---|---|
| 001 | 0179657 | ||
| 005 | 20240502073043.9 | ||
| 041 | 0 | |a slo | |
| 044 | |a SK | ||
| 245 | 1 | 0 | |a Teoretické a praktické aspekty politiky trhu práce |c Roman Klimko |
| 520 | |a Príspevok identifikuje možnosti, ako môžu jednotlivé vlády reagovať na zhoršujúcu sa situáciu v ekonomike, s cieľom zmierniť nepriaznivé efekty pôsobiace na pracovný trh, predovšetkým prostredníctvom aktívnej politiky trhu práce. Sleduje výhody a nevýhody jednotlivých opatrení a v závere poskytuje odporúčanie, v ktorých oblastiach je vhodné a žiaduce ich zavádzanie. | ||
| 610 | 2 | 0 | |a trh práce |
| 610 | 2 | 0 | |a politika |
| 610 | 2 | 0 | |a politika zamestnanosti |
| 610 | 2 | 0 | |a zamestnanosť |
| 100 | 1 | |a Klimko, Roman, 1985- | |